Statistics for North American Countries by Morse Code - Map Quiz

Click here to take the quiz!

General Stats

  • This quiz has been taken 17 times
  • The average score is 10 of 23

Answers on the Map

Answers color-coded by a green-red scale on the quiz's map according to % correct below.
 

Answer Stats

Answer% Correct
-.-. .- -. .- -.. .-
67%
..- -. .. - . -.. / ... - .- - . ...
56%
.--. .- -. .- -- .-
56%
... .- .. -. - / ...- .. -. -.-. . -. - / .- -. -.. / - .... . / --. .-. . -. .- -.. .. -. . ...
56%
.... .- .. - ..
56%
.--- .- -- .- .. -.-. .-
56%
-.-. ..- -... .-
56%
-... .- .... .- -- .- ...
56%
-.-. --- ... - .- / .-. .. -.-. .-
56%
--. ..- .- - . -- .- .-.. .-
56%
-- . -..- .. -.-. ---
56%
-. .. -.-. .- .-. .- --. ..- .-
44%
.... --- -. -.. ..- .-. .- ...
44%
. .-.. / ... .- .-.. ...- .- -.. --- .-.
44%
-... . .-.. .. --.. .
44%
-.. --- -- .. -. .. -.-. .- -. / .-. . .--. ..- -... .-.. .. -.-.
44%
.- -. - .. --. ..- .- / .- -. -.. / -... .- .-. -... ..- -.. .-
33%
-... .- .-. -... .- -.. --- ...
33%
-.. --- -- .. -. .. -.-. .-
22%
... .- .. -. - / .-.. ..- -.-. .. .-
22%
--. .-. . -. .- -.. .-
22%
- .-. .. -. .. -.. .- -.. / .- -. -.. / - --- -... .- --. ---
22%
... .- .. -. - / -.- .. - - ... / .- -. -.. / -. . ...- .. ...
11%

Score Distribution

Percentile by Number Answered

Percent of People with Each Score

Your Score History

You have not taken this quiz